Marília de Dirceu de Tomás António Gonzaga ou a poesia como imitação e pintura (Registo nº 201637)

Detalhes MARC
000 -Etiqueta do registo
Valores 00615nam 22001813 4500
100 ## - Dados gerais de processamento
Dados gerais 20260407d u||y0pory50 ba
200 ## - Titulo e menção de responsabilidade
Título próprio Marília de Dirceu de Tomás António Gonzaga ou a poesia como imitação e pintura
Primeira menção de responsabilidade Fernando Cristóvão
210 ## - Publicação
Local de publicação [Lisboa]
Nome do editor Imprensa Nacional-Casa da Moeda
Data de publicação 1981
215 ## - Descrição física 
Paginação / Volumes 168, [8] p.
Outras indicações físicas il. ; brochado
Dimensões 25 cm
225 ## - Colecção 
Título próprio da colecção Temas portugueses
606 ## - Nome comum usado como assunto
ID Autoridade 3661
Palavra de ordem Crítica Literária.Estudos Literários
675 ## - CDU
Notação 82.09
Edição PT
Língua por
700 ## - Autor principal (pessoa individual)
ID Autoridade 17040
Apelido Cristóvão
Nome Fernando
Datas 1929-
801 ## - Fonte de origem
País PT
Agência BMMN
Regras de catalogação RPC
830 ## - Notas gerais do catalogador
Criado por Vanda
990 ## - Elementos KOHA
Tipo de documento Livro
Exemplares
Situação do levantamento Biblioteca de origem Código de barras Cota Permissão de empréstimo Tipo de documento Forma de aquisição
  Biblioteca Municipal de Montemor-o-Novo 30998 82.09 CRI|DEP   Livro Compra

Powered by Koha